000 00568nam a22002417a 4500
003 UA-OsUOA
001 22706
007 ta
008 20031224b un ||||| |||| 00| 0 ukr d
090 _a238
_bК29
942 _cBK
040 _aUA-OsUOA
_bukr
_cUA-OsUOA
_dUA-OsUOA
245 _aКатихизм християнської віри для молоді і старших
300 _a238 с.
955 _a0
041 _aukr
080 _a238
260 _aРим
_c1967
044 _aIT
250 _n2-е вид.
650 7 _2UDC
999 _c308934
_d308934